书目信息 |
| 题名: |
航空摄影测量与遥感技术研究
|
|
| 作者: | 安晓光, , 郭玲, 著 | |
| 分册: | ||
| 出版信息: | 长春 吉林科学技术出版社 2023.05 |
|
| 页数: | 242页 | |
| 开本: | 24cm | |
| 丛书名: | ||
| 单 册: | ||
| 中图分类: | P231 , TP72 | |
| 科图分类: | ||
| 主题词: | 航空摄影测量--hang kong she ying ce liang--研究 , 航空遥感--hang kong yao gan--遥感技术--研究 | |
| 电子资源: | ||
| ISBN: | 978-7-5744-0483-0 | |
| 000 | 01350nam0 2200277 450 | |
| 001 | 91338 | |
| 005 | 20250816202902.14 | |
| 010 | @a978-7-5744-0483-0@dCNY93.00 | |
| 100 | @a20231109d2023 em y0chiy50 ea | |
| 101 | 0 | @achi |
| 102 | @aCN@b220000 | |
| 105 | @aa a 000yy | |
| 106 | @ar | |
| 200 | 1 | @a航空摄影测量与遥感技术研究@Ahang kong she ying ce liang yu yao gan ji shu yan jiu@f安晓光, 郭玲著 |
| 210 | @a长春@c吉林科学技术出版社@d2023.05 | |
| 215 | @a242页@c图@d24cm | |
| 320 | @a有书目 (第239-242页) | |
| 330 | @a本书首先从摄影测量与遥感技术的基本理论出发, 在对航空测量与遥感技术的基本概念与发展进行了分析后, 进一步阐述了航摄资料的要求、航空摄影像片的基本知识等内容, 为后文的阐述奠定了基础。其次, 本书对航空摄影测量与遥感技术的关键技术进行了详细的分析, 包括像片控制测量与像片调绘、航摄像片纠正、正射投影技术、遥感图像解译等。最后, 通过实际案例对航空测量与遥感技术的应用进行了深人探究。本书以理论研究为基础, 力求对航空摄影测量与遥感技术进行多方面、立体化的综合研究, 以期为航空摄影测量的建设贡献微薄之力。 | |
| 606 | 0 | @a航空摄影测量@Ahang kong she ying ce liang@x研究 |
| 606 | 0 | @a航空遥感@Ahang kong yao gan@x遥感技术@x研究 |
| 690 | @aP231@v5 | |
| 690 | @aTP72@v5 | |
| 701 | 0 | @a安晓光,@Aan xiao guang@f1982-@4著 |
| 701 | 0 | @a郭玲,@Aguo ling@f1986-@4著 |
| 801 | 0 | @aCN@c20250909 |
| 905 | @a河南城建学院图书馆@dP231@eA701@f1 | |
| 航空摄影测量与遥感技术研究/安晓光, 郭玲著.-长春:吉林科学技术出版社,2023.05 |
| 242页:图;24cm |
| ISBN 978-7-5744-0483-0:CNY93.00 |
| 本书首先从摄影测量与遥感技术的基本理论出发, 在对航空测量与遥感技术的基本概念与发展进行了分析后, 进一步阐述了航摄资料的要求、航空摄影像片的基本知识等内容, 为后文的阐述奠定了基础。其次, 本书对航空摄影测量与遥感技术的关键技术进行了详细的分析, 包括像片控制测量与像片调绘、航摄像片纠正、正射投影技术、遥感图像解译等。最后, 通过实际案例对航空测量与遥感技术的应用进行了深人探究。本书以理论研究为基础, 力求对航空摄影测量与遥感技术进行多方面、立体化的综合研究, 以期为航空摄影测量的建设贡献微薄之力。 |
| ● |
| 相关链接 |
|
|
|
正题名:航空摄影测量与遥感技术研究
索取号:P231/A701
 
预约/预借
| 序号 | 登录号 | 条形码 | 馆藏地/架位号 | 状态 | 备注 |
| 1 | 1625300 | 216253006 | 自科库401/401自科库 123排2列4层/ [索取号:P231/A701] | 在馆 |